00433nam a2200169Ia 4500008004100000020001800041245001700059245003900076245005000115260001500165260001600180260000900196300001500205300002500220300001000245500000800255170705s9999 xx 000 0 und d a9780545206945 aI survived : bthe sinking of the titanic, 1912 / cLauren Tarshis ; illustrated by Scott Dawson. aNew York : bScholastic, c2010 a96 pages : bcolor illustration ; c19cm. a590